League of Legends Champions - Statistiken

Allgemein
  • Dieses Quiz wurde 316 mal gespielt
  • Das Durchschnittsergebnis liegt bei 12 aus 25
Antwortstatistiken
Hinweis Antwort % Korrekt
der verehrte Erfinder Heimerdinger
81%
das Panzergürteltier Rammus
79%
der strahlende Sonnenaufgang Leona
77%
der Meister der Schatten Zed
76%
der Zeitbrecher Ekko
73%
der Boss Sett
71%
das Herz Freljords Braum
70%
die Schießwütige Jinx
60%
der Berserker Olaf
59%
die Klinge der Düsteren Aatrox
57%
der Leerengänger Kassadin
57%
der Chemtech-Terror Urgot
57%
der Hüter der Haine Ivern
40%
Räuber der Leere Kha'Zix
39%
die Geheimwaffe Zac
37%
der Splitter des Monolithen Malphite
36%
der untote Moloch Sion
35%
Demacias Schwingen Quinn
34%
der kühne Bombenschütze Corki
27%
der Aspekt des Zwielichts Zoe
26%
der Schild von Valoran Taric
20%
der Läuterer Lucian
17%
das uralte Unheil Fiddlesticks
16%
der Unruhestifter Gragas
9%
die Kampfmeisterin Sivir
9%
Keine übereinstimmenden Quizze gefunden
Verteilung der Resultate
Anzahl Personen mit jedem Resultat
Perzentil nach korrekt beantworteten Fragen
Ihre Resultats-Entwicklung
Sie haben dieses Quiz noch nicht gespielt